[Event "Para State-ch final"]
[Site "Belem"]
[Date "2017.12.02"]
[Round "4.9"]
[White "Assuncao, Darlane Brito"]
[Black "Do Amaral, Mair Augusto Cunha"]
[Result "1-0"]
[WhiteElo "1769"]
[BlackElo "1923"]
[PlyCount "81"]
[EventDate "2017.12.01"]
[EventType "swiss"]
[EventRounds "6"]
[EventCountry "BRA"]
[SourceTitle "CBM 182 Extra"]
[Source "ChessBase"]
[SourceDate "2018.02.23"]
[SourceVersion "1"]
[SourceVersionDate "2018.02.23"]
[SourceQuality "1"]

1. d4 Nf6 2. Nf3 e6 3. Bf4 c5 4. c3 d5 5. e3 Bd6 6. Bg3 0-0 7. Bd3 Nc6 8. Nbd2 b6 9. Ne5 Bb7 10. 0-0 c4 11. Bc2 b5 12. e4 dxe4 13. Nxe4 Be7 14. Nxf6+ Bxf6 15. Qh5 g6 16. Qh3 Nxe5 17. dxe5 Bg7 18. Rad1 Qc7 19. Rd6 Qc5 20. Re1 a5 21. Qh4 Bd5 22. Bf4 b4 23. Be3 Qb5 24. Rb6 Qd7 25. Bd4 bxc3 26. Bxc3 a4 27. a3 Qd8 28. Qxd8 Rfxd8 29. Rb4 h5 30. Bxa4 Bf8 31. Bc2 Bxb4 32. Bxb4 Kg7 33. Kf1 h4 34. Be7 Rdb8 35. Rb1 h3 36. gxh3 Kh6 37. h4 Bf3 38. Ke1 Kh5 39. Kd2 Kg4 40. Ke3 Rb5 41. Rg1+ 1-0